000 00401nam a2200181Ia 4500
001 10351
005 20260306161826.0
008 260306t1995||||xx |||||||||||||| ||spa||
041 _aESP
082 _a920.71
_bD15
100 _aDager Alva, Joseph
_eAUT
245 0 _aConde de Superunda
260 _c1995
300 _a
_c20 cm.
650 _aGEN
654 _aCHU
942 _cLIB
_dJUS
_fJUS
_2ddc
_n
999 _c10351
_d10351